Lírica española (Record no. 132866)

MARC details
000 -LEADER
campo de control de longitud fija 00634nam a2200181 i 4500
001 - NÚMERO DE CONTROL
campo de control 132866
003 - IDENTIFICADOR DE NÚMERO DE CONTROL
campo de control ES-MaACL
005 - FECHA Y HORA DE LA ÚLTIMA TRANSACCIÓN
campo de control 20231207063030.0
007 - CAMPO FIJO DE DESCRIPCIÓN FÍSICA--INFORMACIÓN GENERAL
campo de control de longitud fija t|
008 - DATOS DE LONGITUD FIJA--INFORMACIÓN GENERAL
campo de control de longitud fija 070214s1972 sp r ||||1| spa d
100 1# - ENTRADA PRINCIPAL--NOMBRE DE PERSONA
Nombre de persona Rosales, Luis,
Fechas asociadas al nombre 1910-1992
9 (RLIN) 99644
245 10 - MENCIÓN DEL TÍTULO
Título Lírica española
Resto del título : Garcilaso, Camoens, Cervantes, Duque de Rivas, Rubén Darío, Antonio Machado, Leopoldo Panero /
Mención de responsabilidad, etc. Luis Rosales.
260 ## - PUBLICACIÓN, DISTRIBUCIÓN, ETC.
Lugar de publicación, distribución, etc. Madrid :
Nombre del editor, distribuidor, etc. Ed. Nacional,
Fecha de publicación, distribución, etc. 1972.
300 ## - DESCRIPCIÓN FÍSICA
Extensión 433 p. ;
Dimensiones 22 cm.
650 #4 - PUNTO DE ACCESO ADICIONAL DE MATERIA--TÉRMINO DE MATERIA
Término de materia o nombre geográfico como elemento de entrada Poesía lírica española-
Subdivisión general Historia y crítica.
9 (RLIN) 16193
852 ## - LOCALIZACIÓN
Ubicación ES-MaACL
Número de control de estantería C-43363
Sublocalización o colección R.82629
Holdings
Estatus retirado Estado de pérdida Estado de daño No para préstamo Biblioteca de origen Biblioteca actual Ubicación en estantería Fecha de adquisición Fuente de adquisición Total de préstamos Signatura topográfica completa Código de barras Visto por última vez Precio de reemplazo Tipo de ítem Koha
        Biblioteca del Ateneo de Madrid Biblioteca del Ateneo de Madrid Depósito 2 17/01/2008     C-43363 1138321 23/02/2023 23/02/2023 Libro impreso